Online
Catalog

Cours de latin : Gallus Discens III : (Record no. 51402)

MARC details
000 -CABECERA
campo de control de longitud fija 01162nam a22002897a 4500
003 - IDENTIFICADOR DEL NÚMERO DE CONTROL
campo de control DO-SdBNP
005 - FECHA Y HORA DE LA ÚLTIMA TRANSACCIÓN
campo de control 20250711112714.0
007 - CAMPO FIJO DE DESCRIPCIÓN FÍSICA--INFORMACIÓN GENERAL
campo de control de longitud fija ta
008 - DATOS DE LONGITUD FIJA--INFORMACIÓN GENERAL
campo de control de longitud fija 220210b1925 ||||| |||| 00| 0 fre
040 ## - FUENTE DE LA CATALOGACIÓN
Centro catalogador/agencia de origen DO-SdBNP
Lengua de catalogación spa
Centro/agencia transcriptor BNPHU
082 4# - NÚMERO DE LA CLASIFICACIÓN DECIMAL DEWEY
Número de edición 22
Número de clasificación 372.61
Número de documento/Ítem C861g
245 10 - MENCIÓN DE TÍTULO
Título Cours de latin : Gallus Discens III :
Resto del título recueil de 670 exercices, versions et thèmes, adaptés à la grammaire complète à l'usage des classes de seconde et de première et des étudiants /
Mención de responsabilidad, etc. corregida por Charles Georgin ; Henri Berthaut
260 ## - PUBLICACIÓN, DISTRIBUCIÓN, ETC.
Lugar de publicación, distribución, etc. París :
Nombre del editor, distribuidor, etc. Librairie A. Hatier,
Fecha de publicación, distribución, etc. 1925.
300 ## - DESCRIPCIÓN FÍSICA
Extensión v.3., 450 p. :
Dimensiones 22 cm
490 ## - MENCIÓN DE SERIE
Designación de volumen o secuencia v.3
500 ## - NOTA GENERAL
Nota general Título original en francés.
500 ## - NOTA GENERAL
Nota general Esta colección incluye 3 volúmenes, la biblioteca posee el v.3.
500 ## - NOTA GENERAL
Nota general Libros de texto de educación secundaria (ciclo secundario).
590 ## - NOTA LOCAL (RLIN)
Nota local Inventariado, 2022 / SA
650 4# - PUNTO DE ACCESO ADICIONAL DE MATERIA--TÉRMINO DE MATERIA
Término de materia o nombre geográfico como elemento de entrada Latin (langue)
9 (RLIN) 81208
650 40 - PUNTO DE ACCESO ADICIONAL DE MATERIA--TÉRMINO DE MATERIA
Término de materia o nombre geográfico como elemento de entrada Gramática
9 (RLIN) 27960
Subdivisión general Enseñanza
650 40 - PUNTO DE ACCESO ADICIONAL DE MATERIA--TÉRMINO DE MATERIA
Término de materia o nombre geográfico como elemento de entrada Libros de texto
Subdivisión general educación secundaria
9 (RLIN) 78418
700 1# - PUNTO DE ACCESO ADICIONAL--NOMBRE DE PERSONA
Nombre de persona Georgin Charles
Término indicativo de función/relación Corrección
9 (RLIN) 81213
700 1# - PUNTO DE ACCESO ADICIONAL--NOMBRE DE PERSONA
Nombre de persona Berthaut, Henri
Término indicativo de función/relación Corrección
9 (RLIN) 81214
910 ## - DATOS DE OPCIÓN DEL USUARIO (OCLC)
Datos de opción del usuario Saquino
942 ## - ELEMENTOS DE PUNTO DE ACCESO ADICIONAL (KOHA)
Fuente del sistema de clasificación o colocación Dewey Decimal Classification
Tipo de ítem Koha Libro
Holdings
Estado de retiro Estado de pérdida Fuente del sistema de clasificación o colocación Restricciones de uso No para préstamo Código de colección Localización permanente Ubicación/localización actual Ubicación en estantería Fecha de adquisición Fuente de adquisición Total de préstamos Signatura topográfica completa Código de barras Fecha visto por última vez Número de copia Precio válido a partir de Tipo de ítem Koha Nota pública
    Dewey Decimal Classification Préstamo restringido   Monografías: Libros y Folletos Biblioteca Nacional Pedro Henríquez Ureña Biblioteca Nacional Pedro Henríquez Ureña En catalogación 10.02.2022 Donado   BNPHU SG 372.61 C861g 1925 2022-0736 10.02.2022 v.3 10.02.2022 Libro S/A

Powered by Koha